[Event "6. ODEM U25 2009"]
[Site "Willingen GER"]
[Date "2009.06.06"]
[Round "9"]
[White "Gölz, Daniel"]
[Black "Siebarth, Raiko"]
[Result "1-0"]
[Termination "normal"]
[Board "3"]
[WhiteElo "2058"]
[BlackElo "2246"]
[PlyCount "117"]
[WhiteFideId "24626325"]
[BlackFideId "4674766"]
[EventCountry "GER"]
[EventRounds "9"]
[EventType "swiss"]
[EventDate "2009.05.30"]

1. e4 g6 2. Nc3 Bg7 3. g3 d6 4. Bg2 e5 5. d3 Be6 6. Be3 c6 7. Nge2 f5 8. d4 Ne7
9. dxe5 dxe5 10. Qxd8+ Kxd8 11. O-O-O+ Kc7 12. Bc5 Nc8 13. exf5 gxf5 14. f4 Nd7
15. Be3 Nd6 16. fxe5 Nxe5 17. Nd4 Bd7 18. Bf4 Rae8 19. Rhe1 Nd3+ 20. Rxd3 Rxe1+
21. Kd2 Rhe8 22. Bxd6+ Kc8 23. Nce2 Ra1 24. Ra3 a6 25. c3 Bh6+ 26. Bf4 Bf8 27.
Ra5 c5 28. Nc2 Rb1 29. b3 Rb2 30. Bf3 Rb1 31. Ne3 Bb5 32. c4 Bd7 33. Nd5 Re6
34. Be3 Bc6 35. Nef4 Re8 36. Nd3 Bg7 37. Rxc5 Kb8 38. Ra5 Ra1 39. Bf4+ Ka7 40.
Nc7 Bxf3 41. Nxe8 Bd4 42. Nc1 Rb1 43. Be3 Bxe3+ 44. Kxe3 Bc6 45. Kd2 Rb2+ 46.
Kc3 Rxh2 47. Nd6 Bd7 48. Nxf5 Rf2 49. Nd4 Rg2 50. Nce2 Bg4 51. Kd3 Rf2 52. Rg5
h5 53. Rg7 a5 54. a4 Kb6 55. Rg5 Ka6 56. Rg6+ b6 57. c5 Bxe2+ 58. Nxe2 Rf3+ 59.
Kc4 1-0

[Event "6. ODEM U25 2009"]
[Site "Willingen GER"]
[Date "2009.06.06"]
[Round "9"]
[White "Seidler, Lukas"]
[Black "Siebarth, Marco"]
[Result "1-0"]
[Termination "normal"]
[Board "4"]
[WhiteElo "1805"]
[BlackElo "2031"]
[PlyCount "123"]
[WhiteFideId "12900095"]
[BlackFideId "24604330"]
[EventCountry "GER"]
[EventRounds "9"]
[EventType "swiss"]
[EventDate "2009.05.30"]

1. e4 d5 2. exd5 Qxd5 3. Nc3 Qa5 4. d4 Nf6 5. Bc4 c6 6. Nge2 Bf5 7. O-O e6 8.
Ng3 Bd6 9. f4 O-O 10. Nxf5 exf5 11. Qd3 g6 12. Bd2 Qc7 13. d5 Nbd7 14. dxc6
bxc6 15. Rad1 Nc5 16. Qf3 Nce4 17. Nxe4 Nxe4 18. Be3 Rfe8 19. Bd4 Bc5 20. Bxc5
Nxc5 21. b3 Ne4 22. Kh1 Rad8 23. Rxd8 Qxd8 24. Qd3 Qf6 25. Qd7 Re7 26. Qd8+ Kg7
27. Qd3 Nc5 28. Qd2 Ne4 29. Qd3 h5 30. g3 h4 31. Kg2 Nc5 32. Qd2 Rd7 33. Qe3
Ne4 34. Bd3 Qc3 35. Re1 Nf6 36. Qe5 Qb4 37. Re2 hxg3 38. hxg3 Qa3 39. Qa1 Qa5
40. Bc4 Rd2 41. Kf1 Rxe2 42. Kxe2 Qa3 43. Kf3 Qd6 44. Qc3 Kf8 45. Qd3 Qe7 46.
Qd4 Kg7 47. Be2 Kg8 48. Bc4 Ng4 49. a3 Qe1 50. b4 Kf8 51. Qd6+ Kg8 52. Qxg6+
Kh8 53. Qxf5 Qd1+ 54. Be2 Nh2+ 55. Kf2 Qd4+ 56. Kg2 f6 57. Qh5+ Kg7 58. Qxh2
Qe4+ 59. Kg1 Qxc2 60. Bf1 Qc3 61. Qa2 Qxg3+ 62. Qg2 1-0

[Event "6. ODEM U25 2009"]
[Site "Willingen GER"]
[Date "2009.06.06"]
[Round "9"]
[White "Zhou, Syang"]
[Black "Coenen, Michael"]
[Result "1/2-1/2"]
[Termination "normal"]
[Board "5"]
[WhiteElo "2090"]
[BlackElo "2260"]
[PlyCount "64"]
[WhiteFideId "24636126"]
[BlackFideId "4697367"]
[EventCountry "GER"]
[EventRounds "9"]
[EventType "swiss"]
[EventDate "2009.05.30"]

1. e4 c5 2. Nf3 d6 3. d4 cxd4 4. Nxd4 Nf6 5. Nc3 a6 6. h3 e6 7. g4 h6 8. Bg2
Nc6 9. Nxc6 bxc6 10. e5 Nd5 11. Nxd5 exd5 12. Bf4 g5 13. Bg3 Bg7 14. c4 Qa5+
15. Qd2 Qxd2+ 16. Kxd2 Rb8 17. cxd5 cxd5 18. b3 Be6 19. Rae1 Rc8 20. Kd3 Kd7
21. exd6 h5 22. Rc1 hxg4 23. hxg4 Rxh1 24. Rxh1 Rc5 25. Re1 Bf8 26. Bf1 Bxg4
27. Kd4 Bxd6 28. Bxa6 Ra5 29. Bxd6 Rxa6 30. Bc5 Rxa2 31. Re7+ Kc6 32. Rxf7 Rd2+
1/2-1/2

[Event "6. ODEM U25 2009"]
[Site "Willingen GER"]
[Date "2009.06.06"]
[Round "9"]
[White "Kyas, Marcel"]
[Black "Schneider, Christian"]
[Result "1-0"]
[Termination "normal"]
[Board "6"]
[WhiteElo "2106"]
[BlackElo "2116"]
[PlyCount "101"]
[WhiteFideId "24642037"]
[BlackFideId "24613886"]
[EventCountry "GER"]
[EventRounds "9"]
[EventType "swiss"]
[EventDate "2009.05.30"]

1. d4 d5 2. c4 e6 3. Nf3 Nf6 4. g3 c6 5. Qc2 Nbd7 6. Bg2 Be7 7. Nbd2 O-O 8. O-O
c5 9. b3 b6 10. Bb2 Bb7 11. Rad1 Qc7 12. Qb1 Rfd8 13. cxd5 exd5 14. Rc1 Rac8
15. Bh3 Qb8 16. Rfe1 Rc7 17. Qa1 Bf8 18. Nh4 Ne8 19. Nf5 g6 20. Ne3 Bg7 21. Nf3
Nf8 22. Rc2 Bc8 23. Bg2 Be6 24. Rd1 Qc8 25. Rdc1 Rdd7 26. Ne1 cxd4 27. Bxd4
Rxc2 28. Rxc2 Rc7 29. Rxc7 Qxc7 30. Bxg7 Nxg7 31. Nxd5 Bxd5 32. Bxd5 Qd6 33.
Qd1 Nge6 34. e3 Kg7 35. Bf3 Qe5 36. Nc2 Qa5 37. a3 Qc5 38. Qd3 h6 39. b4 Qe5
40. Nd4 Nh7 41. Nc6 Qa1+ 42. Kg2 Nf6 43. Nxa7 g5 44. Nc8 g4 45. Bd1 Qe5 46. Ne7
Ng5 47. Nf5+ Kh8 48. Nxh6 Qe6 49. Nxg4 Qc6+ 50. e4 Nfxe4 51. f3 1-0

[Event "6. ODEM U25 2009"]
[Site "Willingen GER"]
[Date "2009.06.06"]
[Round "9"]
[White "Klippel, Jan"]
[Black "Hinz, Arne"]
[Result "0-1"]
[Termination "normal"]
[Board "7"]
[WhiteElo "2035"]
[BlackElo "1965"]
[PlyCount "68"]
[WhiteFideId "24642215"]
[BlackFideId "24634875"]
[EventCountry "GER"]
[EventRounds "9"]
[EventType "swiss"]
[EventDate "2009.05.30"]

1. c4 Nf6 2. d4 g6 3. Nc3 Bg7 4. e4 d6 5. Nge2 O-O 6. g3 Nc6 7. Bg2 e5 8. d5
Ne7 9. O-O Nd7 10. Be3 h6 11. Qd2 Kh7 12. b4 b6 13. Rac1 a5 14. a3 f5 15. f3 g5
16. Rc2 f4 17. Bf2 h5 18. Nc1 Ng6 19. Nd3 g4 20. Be1 Nf6 21. c5 axb4 22. axb4
bxc5 23. bxc5 Ba6 24. Ne2 Bh6 25. Qc3 Bxd3 26. Qxd3 gxf3 27. Rxf3 Ng4 28. Bd2
Ne3 29. Rc1 Nxg2 30. Kxg2 Ra2 31. Nc3 fxg3 32. Nxa2 Nh4+ 33. Kh3 Rxf3 34. Qe2
Qd7+ 0-1

[Event "6. ODEM U25 2009"]
[Site "Willingen GER"]
[Date "2009.06.06"]
[Round "9"]
[White "Bart, Simon"]
[Black "Thananbalasingam, Ajandhan"]
[Result "0-1"]
[Termination "normal"]
[Board "8"]
[WhiteElo "1988"]
[BlackElo "1926"]
[PlyCount "84"]
[WhiteFideId "24637327"]
[EventCountry "GER"]
[EventRounds "9"]
[EventType "swiss"]
[EventDate "2009.05.30"]

1. e4 c5 2. Nf3 d6 3. d4 cxd4 4. Nxd4 Nf6 5. Nc3 a6 6. Bg5 e6 7. Be2 Nbd7 8.
O-O b5 9. a3 Bb7 10. Bh5 g6 11. Be2 h6 12. Bh4 Qb6 13. Re1 Rc8 14. Bf3 g5 15.
Bg3 Ne5 16. Bxe5 dxe5 17. Nb3 a5 18. Be2 Bc6 19. Qd3 a4 20. Nc1 Bc5 21. Qf3 Ke7
22. Nd3 Bd4 23. Bf1 g4 24. Qg3 Qb8 25. Ne2 Nxe4 26. Qxg4 Nf6 27. Qh4 Bb6 28.
Ng3 e4 29. Nxe4 Bxe4 30. Rxe4 Rhg8 31. Nf4 Rg5 32. Re2 Rc4 33. Rxe6+ fxe6 34.
Bxc4 bxc4 35. Rd1 Ng4 36. Ng6+ Kf6 37. Kf1 Kxg6 38. f3 Ne3+ 39. Ke2 Rxg2+ 40.
Ke1 Nxc2+ 41. Kf1 Rf2+ 42. Kg1 Rxh2+ 0-1

[Event "6. ODEM U25 2009"]
[Site "Willingen GER"]
[Date "2009.06.06"]
[Round "9"]
[White "Valet, Alexander"]
[Black "Wurm, Alexander"]
[Result "0-1"]
[Termination "normal"]
[Board "9"]
[WhiteElo "1550"]
[BlackElo "2055"]
[PlyCount "78"]
[WhiteFideId "24682560"]
[BlackFideId "24637246"]
[EventCountry "GER"]
[EventRounds "9"]
[EventType "swiss"]
[EventDate "2009.05.30"]

1. e4 e6 2. d4 d5 3. exd5 exd5 4. Bd3 Bd6 5. Nf3 Bg4 6. O-O Nc6 7. c3 Nge7 8.
h3 Bh5 9. Re1 Qd7 10. b4 O-O-O 11. b5 Na5 12. Qa4 Bxf3 13. Qxa5 Kb8 14. Ba3 Bh5
15. Bxd6 Qxd6 16. a4 Ng6 17. Nd2 Nf4 18. Bf1 Rhe8 19. Reb1 Qg6 20. g3 Be2 21.
Bg2 Nxh3+ 22. Bxh3 Qh6 23. Bg2 Qxd2 24. Qb4 Qd3 25. a5 Bf3 26. b6 cxb6 27. axb6
a6 28. Qc5 Rd7 29. Bh3 f5 30. Re1 Rc8 31. Qb4 Be4 32. Bxf5 Bxf5 33. Re7 Qxc3
34. Qxc3 Rxc3 35. Re8+ Rc8 36. Rae1 Be4 37. Rxc8+ Kxc8 38. Rc1+ Kd8 39. Rc8+
Kxc8 0-1

[Event "6. ODEM U25 2009"]
[Site "Willingen GER"]
[Date "2009.06.06"]
[Round "9"]
[White "Nehls, Benedikt"]
[Black "Ackermann, Johannes"]
[Result "1-0"]
[Termination "normal"]
[Board "10"]
[WhiteElo "1836"]
[BlackElo "1935"]
[PlyCount "63"]
[WhiteFideId "24656771"]
[BlackFideId "24663875"]
[EventCountry "GER"]
[EventRounds "9"]
[EventType "swiss"]
[EventDate "2009.05.30"]

1. d4 d5 2. c4 e6 3. cxd5 exd5 4. Nf3 c5 5. Nc3 Nc6 6. g3 Nf6 7. Bg2 Be7 8. O-O
O-O 9. Bg5 cxd4 10. Nxd4 h6 11. Bxf6 Bxf6 12. e3 Be6 13. Nxe6 fxe6 14. Bh3 Qe7
15. Qh5 Rfe8 16. Rac1 Rad8 17. Rfd1 Qb4 18. Qe2 Na5 19. Nb5 Be5 20. f4 Bb8 21.
Nd4 e5 22. Ne6 Rd7 23. Qh5 Rde7 24. Bf5 Qb6 25. Qg6 Rxe6 26. Bxe6+ Qxe6 27.
Qxe6+ Rxe6 28. Rc8+ Kf7 29. Rxb8 exf4 30. exf4 Rb6 31. Rxd5 Nc6 32. Rd7+ 1-0

[Event "6. ODEM U25 2009"]
[Site "Willingen GER"]
[Date "2009.06.06"]
[Round "9"]
[White "Müller, Jan-Hendrik"]
[Black "Eidner, Falk"]
[Result "1-0"]
[Termination "normal"]
[Board "11"]
[WhiteElo "2090"]
[BlackElo "2006"]
[PlyCount "53"]
[WhiteFideId "24615048"]
[BlackFideId "24634557"]
[EventCountry "GER"]
[EventRounds "9"]
[EventType "swiss"]
[EventDate "2009.05.30"]

1. e4 e5 2. Nf3 Nc6 3. Bb5 a6 4. Ba4 Nf6 5. d3 b5 6. Bb3 Be7 7. c3 O-O 8. Nbd2
d5 9. h3 dxe4 10. dxe4 Bd6 11. O-O Na5 12. Bc2 c5 13. Re1 Be6 14. Nf1 Qc7 15.
Ng3 c4 16. Nh4 g6 17. Qf3 Nd7 18. Nhf5 Bxf5 19. exf5 Nc5 20. Bh6 Rfe8 21. Nh5
Nd7 22. Rad1 Be7 23. fxg6 hxg6 24. Rxd7 Qb6 25. Rxe7 Rxe7 26. Qxa8+ Kh7 27. Qf8
1-0

[Event "6. ODEM U25 2009"]
[Site "Willingen GER"]
[Date "2009.06.06"]
[Round "9"]
[White "Wild, Achim"]
[Black "Becker, Carsten"]
[Result "0-1"]
[Termination "normal"]
[Board "12"]
[WhiteElo "1947"]
[BlackElo "1995"]
[PlyCount "77"]
[WhiteFideId "4658728"]
[BlackFideId "24646822"]
[EventCountry "GER"]
[EventRounds "9"]
[EventType "swiss"]
[EventDate "2009.05.30"]

1. e4 e6 2. d4 d5 3. exd5 exd5 4. c4 Nf6 5. Nc3 Bb4 6. Bd3 Nc6 7. Nge2 dxc4 8.
Bxc4 Nd5 9. O-O Be6 10. Bd3 Qf6 11. Ne4 Qe7 12. a3 Bd6 13. b4 f5 14. Bg5 Qd7
15. Nc5 Bxc5 16. dxc5 h6 17. Bc1 Ne5 18. Bc2 O-O 19. Nd4 Nc3 20. Qd2 Qxd4 21.
Qxd4 Ne2+ 22. Kh1 Nxd4 23. Ba4 Bb3 24. Bb2 Bxa4 25. Bxd4 Nc6 26. Bc3 a6 27.
Rfe1 Rfe8 28. Kg1 Kf7 29. f3 g6 30. g4 Rxe1+ 31. Rxe1 Re8 32. Rxe8 Kxe8 33. Kf2
Kf7 34. Ke3 Ke6 35. gxf5+ Kxf5 36. h4 Ne5 37. Kf2 Nc4 38. Bg7 h5 39. Bh6 0-1

[Event "6. ODEM U25 2009"]
[Site "Willingen GER"]
[Date "2009.06.06"]
[Round "9"]
[White "Weißbeck, Simon"]
[Black "Frischmann, Rick"]
[Result "1-0"]
[Termination "normal"]
[Board "13"]
[WhiteElo "1959"]
[BlackElo "1685"]
[PlyCount "93"]
[WhiteFideId "24646865"]
[BlackFideId "24660752"]
[EventCountry "GER"]
[EventRounds "9"]
[EventType "swiss"]
[EventDate "2009.05.30"]

1. e4 c5 2. c3 d5 3. exd5 Qxd5 4. d4 Nf6 5. Nf3 Bg4 6. Be2 e6 7. h3 Bh5 8. O-O
Be7 9. Be3 cxd4 10. cxd4 O-O 11. Nc3 Qa5 12. a3 Nbd7 13. b4 Qd8 14. d5 exd5 15.
Nxd5 Nxd5 16. Qxd5 Nf6 17. Qxb7 Qd7 18. Qxd7 Nxd7 19. Rfd1 Nb6 20. Rac1 Rac8
21. g4 Bg6 22. Ne5 Bc2 23. Rd2 Ba4 24. Rxc8 Rxc8 25. Kg2 h6 26. Bd1 Bxd1 27.
Rxd1 Rc3 28. Rd3 Rxd3 29. Nxd3 Nc4 30. Bxa7 Nxa3 31. Bc5 Bxc5 32. bxc5 Kf8 33.
Kf3 Ke7 34. Ke4 Ke6 35. Nf4+ Kf6 36. Nh5+ Kg6 37. Kd5 f5 38. f4 fxg4 39. hxg4
Kf7 40. c6 Nb5 41. Kc5 Nc7 42. Kd6 Nb5+ 43. Kd7 g6 44. Ng3 h5 45. gxh5 gxh5 46.
Nxh5 Kg6 47. Ng3 1-0

[Event "6. ODEM U25 2009"]
[Site "Willingen GER"]
[Date "2009.06.06"]
[Round "9"]
[White "Sievers, Andy"]
[Black "Stövesand, Eric"]
[Result "1/2-1/2"]
[Termination "normal"]
[Board "14"]
[WhiteElo "1953"]
[BlackElo "1805"]
[PlyCount "67"]
[WhiteFideId "24607908"]
[BlackFideId "24651117"]
[EventCountry "GER"]
[EventRounds "9"]
[EventType "swiss"]
[EventDate "2009.05.30"]

1. e4 e5 2. Nf3 Nc6 3. Bc4 Bc5 4. O-O Nf6 5. d3 d6 6. c3 Be6 7. Bxe6 fxe6 8. d4
exd4 9. cxd4 Bb6 10. Nc3 O-O 11. Bg5 Qe8 12. Qd2 e5 13. Bxf6 Rxf6 14. Nd5 Rxf3
15. Nxb6 axb6 16. gxf3 Nxd4 17. Qd3 Qh5 18. Kg2 Rf8 19. f4 Rxf4 20. f3 Rh4 21.
h3 Rxh3 22. Rh1 Qxf3+ 23. Qxf3 Rxf3 24. Rhf1 Re3 25. Rfe1 Rxe1 26. Rxe1 b5 27.
Re3 b4 28. a3 b3 29. a4 Kf7 30. Rc3 c6 31. a5 Ke7 32. Rh3 h6 33. Rg3 Kf7 34.
Rc3 1/2-1/2

[Event "6. ODEM U25 2009"]
[Site "Willingen GER"]
[Date "2009.06.06"]
[Round "9"]
[White "Ehlers, Michael"]
[Black "Erben, Larissa"]
[Result "1/2-1/2"]
[Termination "normal"]
[Board "15"]
[WhiteElo "1993"]
[BlackElo "2040"]
[PlyCount "147"]
[WhiteFideId "4674537"]
[BlackFideId "24634590"]
[EventCountry "GER"]
[EventRounds "9"]
[EventType "swiss"]
[EventDate "2009.05.30"]

1. e4 c5 2. Nf3 e6 3. d4 cxd4 4. Nxd4 Nc6 5. Nb5 d6 6. Bf4 e5 7. Bg5 Be7 8.
Bxe7 Kxe7 9. N1c3 Nf6 10. Nd5+ Nxd5 11. Qxd5 Be6 12. Qd2 a6 13. Nc3 Qb6 14. Be2
Nd4 15. Rb1 Rhc8 16. O-O Kf8 17. Bd3 Qa5 18. Qe3 Kg8 19. f4 f5 20. exf5 Bxf5
21. fxe5 Bxd3 22. Qxd3 dxe5 23. Qe4 Qc5 24. Kh1 Re8 25. Qxb7 Ra7 26. Qe4 Qc6
27. Qxc6 Nxc6 28. Ne4 Rd7 29. c3 a5 30. Rbd1 Red8 31. Rxd7 Rxd7 32. Kg1 Nd8 33.
Kf2 Ne6 34. g3 Kf7 35. Ke2+ Kg6 36. Rd1 Rxd1 37. Kxd1 Kf5 38. Nf2 Nc7 39. Ke2
Nd5 40. c4 Nb4 41. a3 Nc2 42. h3 e4 43. Nd1 Ke5 44. Kd2 Nd4 45. b4 axb4 46.
axb4 h5 47. Nc3 Nf5 48. Ne2 h4 49. gxh4 Nxh4 50. b5 Nf5 51. b6 Kd6 52. c5+ Kc6
53. Nc3 e3+ 54. Kd3 Ne7 55. Kxe3 Kxc5 56. b7 Nc6 57. Kf4 Kb6 58. Kf5 Kxb7 59.
Kg6 Ne5+ 60. Kxg7 Nf3 61. Kf6 Kc6 62. Kf5 Kd6 63. Ne4+ Ke7 64. Kf4 Nh4 65. Kg4
Ng6 66. Kg5 Kf7 67. Ng3 Kg7 68. Nf5+ Kh7 69. Kf6 Nf4 70. h4 Ng2 71. h5 Ne3 72.
Ng3 Kh6 73. Ke5 Nf1 74. Nxf1 1/2-1/2

[Event "6. ODEM U25 2009"]
[Site "Willingen GER"]
[Date "2009.06.06"]
[Round "9"]
[White "Adelhütte, Dennis"]
[Black "Kropman, Alexei"]
[Result "0-1"]
[Termination "normal"]
[Board "16"]
[WhiteElo "1712"]
[BlackElo "1964"]
[PlyCount "64"]
[WhiteFideId "4661265"]
[BlackFideId "24670723"]
[EventCountry "GER"]
[EventRounds "9"]
[EventType "swiss"]
[EventDate "2009.05.30"]

1. e4 e6 2. d4 d5 3. exd5 exd5 4. c4 Nf6 5. Nc3 Be7 6. Nf3 O-O 7. Be2 c6 8. O-O
dxc4 9. Bxc4 Nbd7 10. Bf4 Nb6 11. Bd3 Nbd5 12. Be3 Bg4 13. Be2 Re8 14. Bg5 h6
15. Bh4 Nf4 16. Re1 Nxe2+ 17. Qxe2 Bxf3 18. Qxf3 Qxd4 19. Bg3 Bb4 20. Rad1 Bxc3
21. bxc3 Qd5 22. Qf4 Rad8 23. Rxe8+ Rxe8 24. Qa4 Re2 25. c4 Qd2 26. h3 Qxa2 27.
Rd8+ Kh7 28. Qb4 Qa1+ 29. Kh2 Re1 30. Bb8 Ne4 31. g3 Rh1+ 32. Kg2 Ng5 0-1

[Event "6. ODEM U25 2009"]
[Site "Willingen GER"]
[Date "2009.06.06"]
[Round "9"]
[White "Azizi, Nassim"]
[Black "Nekrasova, Kateryna"]
[Result "1-0"]
[Termination "normal"]
[Board "17"]
[WhiteElo "1692"]
[BlackElo "1833"]
[PlyCount "47"]
[WhiteFideId "4608119"]
[BlackFideId "24636266"]
[EventCountry "GER"]
[EventRounds "9"]
[EventType "swiss"]
[EventDate "2009.05.30"]

1. d4 d5 2. c4 dxc4 3. e4 Nf6 4. Nc3 e6 5. Bxc4 Nc6 6. Nf3 Bb4 7. Bg5 h6 8.
Bxf6 Qxf6 9. O-O O-O 10. a3 Ba5 11. e5 Qe7 12. b4 Bb6 13. d5 Rd8 14. Re1 exd5
15. Nxd5 Qe8 16. Qb3 Bg4 17. a4 Bxf3 18. Qxf3 Bd4 19. Rad1 Rd7 20. b5 Nxe5 21.
Qf4 Qd8 22. Qxd4 Nxc4 23. Qxc4 a6 24. Nf6+ 1-0

[Event "6. ODEM U25 2009"]
[Site "Willingen GER"]
[Date "2009.06.06"]
[Round "9"]
[White "Stark, Timo"]
[Black "Windjäger, Gerd"]
[Result "1-0"]
[Termination "normal"]
[Board "18"]
[WhiteElo "1821"]
[BlackElo "1782"]
[PlyCount "78"]
[WhiteFideId "4670183"]
[EventCountry "GER"]
[EventRounds "9"]
[EventType "swiss"]
[EventDate "2009.05.30"]

1. d4 f5 2. c4 Nf6 3. Nf3 g6 4. Nc3 Bg7 5. Bd2 O-O 6. e3 d6 7. Qb3 c6 8. Be2
Qe8 9. O-O Kh8 10. d5 Na6 11. Nd4 Nc5 12. Qc2 e5 13. dxe6 Nxe6 14. Rad1 Qf7 15.
b4 Nxd4 16. exd4 Be6 17. c5 dxc5 18. dxc5 Bc4 19. Bf4 Rad8 20. Rd6 Bxe2 21.
Qxe2 Rde8 22. Qd3 Ne4 23. Ne2 Nxd6 24. Bxd6 Rd8 25. Qg3 Rfe8 26. Nf4 Bf8 27.
Bc7 Rd7 28. Be5+ Rxe5 29. Nxg6+ hxg6 30. Qxe5+ Kg8 31. a4 Re7 32. Qb8 a6 33.
Qg3 Qe8 34. h4 Kh7 35. h5 Bg7 36. hxg6+ Qxg6 37. Qh4+ Kg8 38. Qxe7 Qf7 39. Re1
Bf8 1-0

[Event "6. ODEM U25 2009"]
[Site "Willingen GER"]
[Date "2009.06.06"]
[Round "9"]
[White "Höpfner, Tim"]
[Black "Matschewsky, Justus"]
[Result "1/2-1/2"]
[Termination "normal"]
[Board "19"]
[WhiteElo "1824"]
[BlackElo "1658"]
[PlyCount "33"]
[WhiteFideId "4638310"]
[BlackFideId "24678708"]
[EventCountry "GER"]
[EventRounds "9"]
[EventType "swiss"]
[EventDate "2009.05.30"]

1. d4 Nf6 2. c4 e6 3. g3 Bb4+ 4. Bd2 Bxd2+ 5. Nxd2 d5 6. Ngf3 O-O 7. Bg2 Nbd7
8. O-O b6 9. Qc2 c5 10. cxd5 Nxd5 11. Ne4 f5 12. Nc3 Bb7 13. Rad1 Rc8 14. Nxd5
Bxd5 15. Qa4 Rf7 16. Rd2 Re7 17. Rfd1 1/2-1/2

[Event "6. ODEM U25 2009"]
[Site "Willingen GER"]
[Date "2009.06.06"]
[Round "9"]
[White "Ivascu, Cosmin Alexandru"]
[Black "Schmidt, Matthias"]
[Result "0-1"]
[Termination "normal"]
[Board "20"]
[WhiteElo "1891"]
[BlackElo "1803"]
[PlyCount "60"]
[WhiteFideId "24686034"]
[BlackFideId "12900168"]
[EventCountry "GER"]
[EventRounds "9"]
[EventType "swiss"]
[EventDate "2009.05.30"]

1. e4 e5 2. Nf3 Nf6 3. Nxe5 Qe7 4. d4 d6 5. Nf3 Nxe4 6. Be2 d5 7. h3 Be6 8. O-O
Nd7 9. b3 Qf6 10. c4 Bd6 11. Bb2 O-O 12. Nc3 Nxc3 13. Bxc3 c6 14. Bd3 Rfe8 15.
Bd2 Bf5 16. Bxf5 Qxf5 17. Qb1 Qh5 18. Qd3 Nf6 19. Rae1 Ne4 20. Re2 Re6 21. Rfe1
Rae8 22. a4 h6 23. a5 Rg6 24. Ng5 Rxg5 25. Bxg5 Qxg5 26. f3 Qg3 27. Re3 Qh2+
28. Kf1 Qh1+ 29. Ke2 Qxg2+ 30. Kd1 Nf2+ 0-1

[Event "6. ODEM U25 2009"]
[Site "Willingen GER"]
[Date "2009.06.06"]
[Round "9"]
[White "Takeuchi, Eiki"]
[Black "Popp, Maximilian"]
[Result "1-0"]
[Termination "normal"]
[Board "21"]
[WhiteElo "1882"]
[BlackElo "1704"]
[PlyCount "51"]
[WhiteFideId "24663751"]
[BlackFideId "24673668"]
[EventCountry "GER"]
[EventRounds "9"]
[EventType "swiss"]
[EventDate "2009.05.30"]

1. e4 e6 2. d4 d5 3. Nc3 Bb4 4. e5 c5 5. a3 Bxc3+ 6. bxc3 Ne7 7. f4 Nbc6 8. Nf3
O-O 9. Bd3 h6 10. O-O f5 11. Kh1 Bd7 12. Be3 Be8 13. Qe1 Ng6 14. Rg1 c4 15. Be2
Kh8 16. Qg3 Rg8 17. Qh3 Nf8 18. Ng5 Qe7 19. g4 Bg6 20. gxf5 Bxf5 21. Bg4 Bxg4
22. Rxg4 Nh7 23. Rh4 Rae8 24. Rg1 Nd8 25. f5 exf5 26. Nxh7 1-0

[Event "6. ODEM U25 2009"]
[Site "Willingen GER"]
[Date "2009.06.06"]
[Round "9"]
[White "Werner, Patrick"]
[Black "Müller, Denis"]
[Result "1/2-1/2"]
[Termination "normal"]
[Board "22"]
[WhiteElo "1872"]
[BlackElo "1934"]
[PlyCount "68"]
[WhiteFideId "24601608"]
[BlackFideId "4696140"]
[EventCountry "GER"]
[EventRounds "9"]
[EventType "swiss"]
[EventDate "2009.05.30"]

1. d4 Nf6 2. c4 g6 3. Nc3 Bg7 4. e4 d6 5. Nf3 O-O 6. h3 e5 7. d5 Na6 8. Be3 Nc5
9. Nd2 a5 10. g4 c6 11. Be2 a4 12. Bxc5 dxc5 13. Nxa4 Qa5 14. Nc3 Bh6 15. Nb3
Qb6 16. h4 Bf4 17. g5 Ne8 18. Kf1 f6 19. h5 fxg5 20. hxg6 hxg6 21. Kg2 Nf6 22.
dxc6 Qxc6 23. Nd5 Kg7 24. Nxf6 Qxf6 25. Bg4 Bc1 26. Rf1 Bxb2 27. Rb1 Bxg4 28.
Qxg4 Rxa2 29. Nxc5 Bd4 30. Rxb7+ Kg8 31. Qe6+ Qxe6 32. Nxe6 Raxf2+ 33. Rxf2
Rxf2+ 34. Kg3 Rc2 1/2-1/2

[Event "6. ODEM U25 2009"]
[Site "Willingen GER"]
[Date "2009.06.06"]
[Round "9"]
[White "Müller, Philipp"]
[Black "Berger, Manuel"]
[Result "1/2-1/2"]
[Termination "normal"]
[Board "23"]
[WhiteElo "1870"]
[BlackElo "1767"]
[PlyCount "66"]
[WhiteFideId "24683701"]
[BlackFideId "24692506"]
[EventCountry "GER"]
[EventRounds "9"]
[EventType "swiss"]
[EventDate "2009.05.30"]

1. e4 c5 2. Nf3 Nc6 3. d4 cxd4 4. Nxd4 e5 5. Nb5 a6 6. Nd6+ Bxd6 7. Qxd6 Qf6 8.
Qc7 Qg6 9. Nc3 Nge7 10. Be3 O-O 11. O-O-O b5 12. Rd6 f6 13. f3 Rb8 14. Rd2 f5
15. Bc5 Rb7 16. Qd6 Rf6 17. Qd3 d6 18. exf5 Bxf5 19. Ne4 Bxe4 20. Qb3+ Qf7 21.
Rxd6 Qxb3 22. axb3 Rxd6 23. Bxd6 Bg6 24. Be2 Nd4 25. Bd1 Nec6 26. Re1 Nf5 27.
Bc5 Rd7 28. b4 Kf7 29. c3 Kf6 30. g4 Nd6 31. f4 e4 32. Bc2 h6 33. Rd1 Ke7
1/2-1/2

[Event "6. ODEM U25 2009"]
[Site "Willingen GER"]
[Date "2009.06.06"]
[Round "9"]
[White "Kabitzke, Julian"]
[Black "Holle, Cedric"]
[Result "1-0"]
[Termination "normal"]
[Board "24"]
[WhiteElo "1823"]
[BlackElo "1701"]
[PlyCount "31"]
[WhiteFideId "24669547"]
[BlackFideId "24692158"]
[EventCountry "GER"]
[EventRounds "9"]
[EventType "swiss"]
[EventDate "2009.05.30"]

1. e4 e6 2. d4 d5 3. Nd2 Nf6 4. e5 Nfd7 5. c3 c5 6. Bd3 Nc6 7. Ne2 Qb6 8. Nf3
Be7 9. O-O O-O 10. Re1 f6 11. exf6 Nxf6 12. Nf4 Nd8 13. Ne5 Nd7 14. Bxh7+ Kxh7
15. Qh5+ Kg8 16. Nfg6 1-0

[Event "6. ODEM U25 2009"]
[Site "Willingen GER"]
[Date "2009.06.06"]
[Round "9"]
[White "Paulus, Jeffrey"]
[Black "Wenninger, Philipp"]
[Result "1-0"]
[Termination "normal"]
[Board "25"]
[WhiteElo "1917"]
[BlackElo "1984"]
[PlyCount "77"]
[WhiteFideId "24692468"]
[BlackFideId "4648404"]
[EventCountry "GER"]
[EventRounds "9"]
[EventType "swiss"]
[EventDate "2009.05.30"]

1. d4 Nf6 2. c4 c5 3. d5 b5 4. cxb5 a6 5. Nc3 axb5 6. e4 d6 7. Bxb5+ Nbd7 8.
Nge2 g6 9. O-O Bg7 10. f4 O-O 11. h3 Ba6 12. Qc2 Qa5 13. Bxa6 Rxa6 14. Be3 Rb8
15. Rab1 Ne8 16. Kh1 Nc7 17. a3 Nb5 18. Nxb5 Qxb5 19. Nc3 Qb3 20. Qxb3 Rxb3 21.
Rfc1 Rab6 22. Na4 Rxe3 23. Nxb6 Nxb6 24. b4 c4 25. a4 Rxe4 26. a5 Nxd5 27. b5
Bc3 28. Rxc3 Nxc3 29. b6 Nxb1 30. b7 Nc3 31. b8=Q+ Kg7 32. a6 Re1+ 33. Kh2 Rb1
34. a7 Rxb8 35. axb8=Q Ne4 36. Qb7 Nf6 37. Qxe7 d5 38. Qe5 h6 39. g4 1-0

[Event "6. ODEM U25 2009"]
[Site "Willingen GER"]
[Date "2009.06.06"]
[Round "9"]
[White "Stark, Sven"]
[Black "Lebeda, Timo"]
[Result "0-1"]
[Termination "normal"]
[Board "26"]
[WhiteElo "1763"]
[BlackElo "1942"]
[PlyCount "80"]
[WhiteFideId "4670124"]
[BlackFideId "4638565"]
[EventCountry "GER"]
[EventRounds "9"]
[EventType "swiss"]
[EventDate "2009.05.30"]

1. d4 d5 2. c4 c6 3. Nc3 Nf6 4. Nf3 a6 5. Bf4 b5 6. c5 g6 7. b4 a5 8. a3 Bg7 9.
e3 Bg4 10. Be2 Ne4 11. Nxe4 dxe4 12. Ng1 Bxe2 13. Nxe2 Na6 14. Qd2 axb4 15.
axb4 Nxb4 16. O-O Nd5 17. Bg3 O-O 18. Qc2 f5 19. Nf4 Qd7 20. Qb3 e6 21. Ra3
Rxa3 22. Qxa3 Nc7 23. Qb3 Ra8 24. Nh3 Nd5 25. Nf4 Bh6 26. Ne2 Kf7 27. Rd1 Qa7
28. Kf1 Qa2 29. Qxa2 Rxa2 30. Ke1 Nb4 31. Bf4 Nd3+ 32. Kf1 Bxf4 33. exf4 b4 34.
g3 b3 35. Rb1 b2 36. Nc3 Ra3 37. Nd1 Ra4 38. Ke2 Rxd4 39. Nxb2 Rb4 40. Nxd3
exd3+ 0-1